000 01393cam a2200361 a 4500
001 1012445
003 ARRUPE
005 20220405082210.0
008 871021m19871988gw b 000 0 ger
010 _a 87165215
020 _a3787306498 (1. Halbbd.)
020 _a3787307125 (2. Halbbd. : Deut. Bibl.)
040 _aDLC
_cDLC
_dDLC
041 1 _agergrc
_hgrc
050 0 0 _aQ151
_b.A74 1987
100 0 _aAristotle.
240 1 0 _aPhysics.
_lGerman & Greek
245 1 0 _aAristoteles' Physik :
_bVorlesung über Natur : Griechisch-Deutsch /
_cübersetzt, mit einer Einleitung und mit Anmerkungen herausgegeben von Hans Günter Zekl.
246 3 0 _aVorlesung über Natur
260 _aHamburg :
_bF. Meiner,
_cc1987-c1988.
300 _a2 v. ;
_c19 cm.
490 0 _aPhilosophische Bibliothek ;
_vBd. 380-381
504 _aIncludes bibliographies and indexes.
505 0 _a1. Halbbd. Bücher I(A)-IV(D) -- 2. Halbbd. Bücher V(E)-VIII(TH)
600 0 0 _aAristotle.
_tPhysics.
_951165
650 0 _aScience, Ancient.
_950317
650 0 _aPhilosophy of nature
_xEarly works to 1800.
_951166
650 0 _aPhysics
_xEarly works to 1800.
_916268
700 1 _aZekl, Hans Günter.
_951167
906 _a7
_bcbc
_corignew
_d2
_encip
_f19
_gy-gencatlg
942 _2lcc
_cMONOGRAPH
999 _c131227
_d131227